Central Library OPAC University of Rajshahi

আধুনিক মার্কিন সাহিত্য / (Record no. 47651)

MARC details
000 -LEADER
fixed length control field 00761nam a22002177a 4500
001 - CONTROL NUMBER
control field 47651
003 - CONTROL NUMBER IDENTIFIER
rucl marc code BD-RjUL
005 - DATE AND TIME OF LATEST TRANSACTION
control field 20211209054348.0
008 - FIXED-LENGTH DATA ELEMENTS--GENERAL INFORMATION
fixed length control field 160809s1980 bg ||||| |||| 00| 0 ben d
035 ## - SYSTEM CONTROL NUMBER
System control number (BD-RjUL)47770
040 ## - CATALOGING SOURCE
Original cataloging agency BD-RjUL
Language of cataloging ben
Transcribing agency BD-RjUL
041 ## - LANGUAGE CODE
Language code of text/sound track or separate title ben
082 ## - DEWEY DECIMAL CLASSIFICATION NUMBER
Edition number 23
Classification number 810
Author mark and year CHA 1980
100 ## - MAIN ENTRY--PERSONAL NAME
Personal name চৌধুরী, করীর
9 (RLIN) 144802
245 ## - TITLE STATEMENT
Title আধুনিক মার্কিন সাহিত্য /
Statement of responsibility, etc. করীর চৌধুরী
260 ## - PUBLICATION, DISTRIBUTION, ETC. (IMPRINT)
Place of publication, distribution, etc. ঢাকা :
Name of publisher, distributor, etc. সন্ধানী প্রকাশনী ,
Date of publication, distribution, etc. ১৯৮০
300 ## - PHYSICAL DESCRIPTION
Pagination ১১৩ পৃ.;
Size ২২ সেমি.
650 ## - SUBJECT ADDED ENTRY--TOPICAL TERM
Topical term or geographic name as entry element আমেরিকান সাহিত্য
9 (RLIN) 122987
Topical term or geographic name as entry element American literature
9 (RLIN) 119019
942 ## - ADDED ENTRY ELEMENTS (KOHA)
Source of classification or shelving scheme Dewey Decimal Classification
Koha item type Books
Holdings
Lost status Source of classification or shelving scheme Damaged status Not for loan Collection code Permanent Location Current Location Shelving location Date acquired Source of acquisition Total Checkouts Full call number Date last seen Copy number Koha item type
  Dewey Decimal Classification     Non-fiction Central Library, University of Rajshahi Central Library, University of Rajshahi Electronic Books 13/02/1983 Ameriacan book centre   B 810 CHA 1980 09/08/2016 C-2 Books
  Dewey Decimal Classification     Non-fiction Central Library, University of Rajshahi Central Library, University of Rajshahi Electronic Books 13/02/1983 Ameriacan book centre   B 810 CHA 1980 09/08/2016 C-3 Books
  Dewey Decimal Classification     Non-fiction Central Library, University of Rajshahi Central Library, University of Rajshahi Electronic Books 13/02/1983 Ameriacan book centre   B 810 CHA 1980 09/08/2016 C-4 Books
  Dewey Decimal Classification     Non-fiction Central Library, University of Rajshahi Central Library, University of Rajshahi Electronic Books 13/02/1983 Ameriacan book centre   B 810 CHA 1980 09/08/2016 C-5 Books
  Dewey Decimal Classification     Non-fiction Central Library, University of Rajshahi Central Library, University of Rajshahi Electronic Books 13/02/1983 Ameriacan book centre   B 810 CHA 1980 09/08/2016 C-6 Books
  Dewey Decimal Classification     Non-fiction Central Library, University of Rajshahi Central Library, University of Rajshahi Electronic Books 13/02/1983 Ameriacan book centre   B 810 CHA 1980 09/08/2016 C-7 Books
  Dewey Decimal Classification     Non-fiction Central Library, University of Rajshahi Central Library, University of Rajshahi Electronic Books 13/02/1983 Ameriacan book centre   B 810 CHA 1980 09/08/2016 C-8 Books
  Dewey Decimal Classification     Non-fiction Central Library, University of Rajshahi Central Library, University of Rajshahi Electronic Books 13/02/1983 Ameriacan book centre   B 810 CHA 1980 09/08/2016 C-9 Books
  Dewey Decimal Classification     Non-fiction Central Library, University of Rajshahi Central Library, University of Rajshahi Electronic Books 13/02/1983 Ameriacan book centre   B 810 CHA 1980 09/08/2016 C-10 Books
  Dewey Decimal Classification   Not For Loan Non-fiction Central Library, University of Rajshahi Central Library, University of Rajshahi Reading Room 13/02/1983 American Cultural Centre, Dhaka.   B 810 CHA 1980 30/04/2017 C-1 Books